Japan's nuclear disarmament policy and the U.S. security umbrella (Record no. 134477)
[ view plain ]
| 000 -LEADER | |
|---|---|
| fixed length control field | 01990nam a22004214a 4500 |
| 082 04 - DEWEY DECIMAL CLASSIFICATION NUMBER | |
| Classification number | 355/.033052 |
| 100 1# - MAIN ENTRY--AUTHOR NAME | |
| Personal name | DiFilippo, Anthony, |
| 245 10 - TITLE STATEMENT | |
| Title | Japan's nuclear disarmament policy and the U.S. security umbrella |
| 250 ## - EDITION STATEMENT | |
| Edition statement | 1st ed. |
| 260 ## - PUBLICATION, DISTRIBUTION, ETC. (IMPRINT) | |
| Place of publication | New York : |
| Name of publisher | Palgrave Macmillian, |
| Year of publication | 2006. |
| 300 ## - PHYSICAL DESCRIPTION | |
| Number of Pages | 281 p. |
| 505 0# - FORMATTED CONTENTS NOTE | |
| Formatted contents note | Introduction: Detoured on the Path to Nuclear Disarmament -- The Watershed -- Technology, Choice and Nuclear Weapons -- The Politics of Japanese Nuclear Disarmament: Where Government Policies and Civil Society Converge and Diverge -- Japanese Security Policy and the New Agenda Coalition -- The International Dimensions of Japan's Anti-Nuclear Weapons Policies: Issues in Disarmament and Nonproliferation -- Tokyo and the Axis of Evil -- Security and Identity. |
| 650 #0 - SUBJECT ADDED ENTRY--TOPICAL TERM | |
| Topical Term | National security |
| Topical Term | Nuclear weapons |
| Topical Term | Nuclear nonproliferation. |
| Topical Term | Nuclear disarmament |
| 856 40 - ELECTRONIC LOCATION AND ACCESS | |
| Uniform Resource Identifier | http://site.ebrary.com/lib/rucke/Doc?id=10158080 |
No items available.
